<?xml version="1.0" encoding="UTF-8"?>
<record
    xmlns:xsi="http://www.w3.org/2001/XMLSchema-instance"
    xsi:schemaLocation="http://www.loc.gov/MARC21/slim http://www.loc.gov/standards/marcxml/schema/MARC21slim.xsd"
    xmlns="http://www.loc.gov/MARC21/slim">

  <leader>00827na  a2200241   4500</leader>
  <controlfield tag="001">17417</controlfield>
  <controlfield tag="003">MIRAKIL</controlfield>
  <controlfield tag="005">20181213155032.0</controlfield>
  <controlfield tag="008">161024b        tu            000 0      </controlfield>
  <datafield tag="035" ind1=" " ind2=" ">
    <subfield code="a">17417</subfield>
  </datafield>
  <datafield tag="040" ind1=" " ind2=" ">
    <subfield code="a">Milas</subfield>
    <subfield code="b">tur</subfield>
    <subfield code="c">TR-AnCHP</subfield>
  </datafield>
  <datafield tag="041" ind1=" " ind2=" ">
    <subfield code="a">tur</subfield>
  </datafield>
  <datafield tag="082" ind1=" " ind2=" ">
    <subfield code="a">636.089</subfield>
    <subfield code="b">T96&#xFC; 2010</subfield>
  </datafield>
  <datafield tag="090" ind1=" " ind2=" ">
    <subfield code="a">636.089 T96&#xFC; 2010</subfield>
  </datafield>
  <datafield tag="111" ind1=" " ind2=" ">
    <subfield code="a">T&#xFC;rk Veteriner Hekimli&#x11F;i Kurultay&#x131;</subfield>
    <subfield code="c">Ankara</subfield>
    <subfield code="d">2010</subfield>
    <subfield code="n">3.</subfield>
  </datafield>
  <datafield tag="245" ind1=" " ind2=" ">
    <subfield code="a">III. T&#xFC;rk veteriner hekimli&#x11F;i kurultay&#x131; 23-24 Nisan 2010 Ankara</subfield>
    <subfield code="b">Komisyon raporlar&#x131; kitab&#x131;</subfield>
    <subfield code="c">T&#xFC;rk Veteriner Hekimleri Birli&#x11F;i</subfield>
  </datafield>
  <datafield tag="260" ind1=" " ind2=" ">
    <subfield code="a">Ankara</subfield>
    <subfield code="b">T&#xFC;rk Veteriner Hekimleri Birli&#x11F;i</subfield>
    <subfield code="c">2010</subfield>
  </datafield>
  <datafield tag="300" ind1=" " ind2=" ">
    <subfield code="a">353 s.</subfield>
    <subfield code="c">30 sm.</subfield>
  </datafield>
  <datafield tag="650" ind1=" " ind2=" ">
    <subfield code="a">Veteriner hekimli&#x11F;i</subfield>
    <subfield code="x">T&#xFC;rkler</subfield>
    <subfield code="y">Toplant&#x131;lar</subfield>
  </datafield>
  <datafield tag="650" ind1=" " ind2=" ">
    <subfield code="a">Veteriner hekimli&#x11F;i</subfield>
    <subfield code="x">Toplant&#x131;lar</subfield>
  </datafield>
  <datafield tag="710" ind1=" " ind2=" ">
    <subfield code="a">T&#xFC;rk Veteriner Hekimleri Birli&#x11F;i</subfield>
  </datafield>
  <datafield tag="942" ind1=" " ind2=" ">
    <subfield code="2">ddc</subfield>
    <subfield code="c">BKS</subfield>
  </datafield>
  <datafield tag="952" ind1=" " ind2=" ">
    <subfield code="a">0001</subfield>
    <subfield code="b">0001</subfield>
    <subfield code="d">2016-10-24</subfield>
    <subfield code="e">2</subfield>
    <subfield code="l">0</subfield>
    <subfield code="o">636.089 T96&#xFC; 2010</subfield>
    <subfield code="p">005896</subfield>
    <subfield code="r">2016-10-24 00:00:00</subfield>
    <subfield code="v">0.00</subfield>
    <subfield code="w">2016-10-24</subfield>
    <subfield code="y">BKS</subfield>
  </datafield>
  <datafield tag="999" ind1=" " ind2=" ">
    <subfield code="c">5289</subfield>
    <subfield code="d">5289</subfield>
  </datafield>
</record>
